000 04279cam a22012494i 4500
003 PE-LiUPU
005 20250813185557.0
008 150706s2010 pe r 000 0 d
035 _a(Sirsi) a48766
040 _aPE-LiUPU
_bspa
_cPE-LiUPU
_erda
049 _aPRUA
082 0 4 _a342.51
_bS181
_221
100 1 _aSalmón Gárate, Elizabeth,
_eautor.
245 1 4 _aLos derechos económicos, sociales y culturales en el sistema interamericano :
_bEl artículo 26 de la convención Americana sobre derechos humanos y el camino hacia una lectura social de los derechos civiles y políticos /
_cElizabeth Salmón Gárate.
264 1 _aLima :
_bPontificia Universidad Católica del Perú,
_c2010.
300 _a102 páginas ;
_c21 cm.
336 _atext
_2rdacontent
337 _aunmediated
_2rdamedia
338 _avolume
_2rdacarrier
490 0 _aJurisprudencia de la Corte Interamericana de Derechos Humanos ;
_v1
504 _aIncluye bibliografía.
505 0 _aLa temprana presencia de los derechos económicos, sociales y culturales en el sistema Interamericano de protección de Derechos Humanos. La declaración americana de Derechos y Deberes del hombre del 2 de mayo de 1948.-La reducción material de los DESC: el artículo 26 de la Convención Americana sobre Derechos Humanos -- El Protocolo de San Salvador. Entre el reconocimiento de derechos y los tímidos aportes en mecanismos de protección -- Otros sistemas internacionales en materia de protección de los derechos económicos, sociales y culturales -- La lectura social de los derechos civiles y políticos: un punto de encuentro con los DESC que apunta a la afirmación práctica de la interdependencia e indivisibilidad de los derechos humanos.
526 _aP202
526 _aP201
526 _aP163
526 _aP162
526 _aP161
526 _aP160
526 _aP148
526 _aP147
526 _aP146
526 _aP145
526 _aP144
526 _aP143
526 _aP142
526 _aP141
526 _aP140
526 _aP139
526 _aP138
526 _aP137
526 _aP136
526 _aP135
526 _aP134
526 _aP133
526 _aP129
526 _aP128
526 _aP127
526 _aP120
526 _aP119
526 _aP118
526 _aP116
526 _aP115
526 _aP114
526 _aP110
526 _aP109
526 _aP108
526 _aP104
526 _aP103
526 _aP102
526 _aP99
526 _aP98
526 _aP97
526 _aP96
526 _aP95
526 _aP93
526 _aP90
526 _aP89
526 _aP88
526 _aP83
526 _aP82
526 _aP62
526 _aP59
526 _aP58
526 _aP57
526 _aP51
526 _aP49
526 _aP48
526 _aP47
526 _aP29
526 _aP24
526 _aP20
526 _aP19
526 _aP17
526 _aP15
526 _aP14
526 _aP12
526 _aP10
526 _aP09
526 _aP08
526 _aP07
526 _aP06
526 _aP05
526 _aP04
526 _aP01
650 0 4 _aDerechos humanos
_xTratado internacional.
650 0 4 _aCorte Interamericana de Derechos Humanos.
_93528
910 _bjv
_clch
_d20100624
942 _2ddc
_cBOOK
949 _a342.51 S18 1
_wDEWEY
_c1
_i61895
_lCCODEBUL1
_mBUL
_p04.00
_r0
_sY
_tLIBRO
_u2015-07-06
_xBIBLIOTECA
_zUNKNOWN
_o.STAFF. Colección General
949 _a342.51 S18 1
_wDEWEY
_c2
_i61894
_lCCODEBUL1
_mBUL
_p04.00
_r0
_sY
_tLIBRO
_u2015-07-06
_xBIBLIOTECA
_zUNKNOWN
_o.STAFF. Colección General
994 _aC0
_bPEPRU
596 _a1
999 _a342.51 S18 1
_wDEWEY
_c51039
_i61895
_f2019-12-9
_g4
_lDISCARD
_mBUL
_p4.00
_r1
_sY
_tBOOK
_u2015-7-6
_xEDUCACION
_zUNKNOWN
_0COMPRA
_o.STAFF. Colección General
_d51039
999 _a342.51 S18 1
_wDEWEY
_c2
_i61894
_f2021-11-5
_g5
_lCCODEBUL1
_mBUL
_p4.00
_r0
_sY
_tBOOK
_u2015-7-6
_xFCE
_zUNKNOWN
_0COMPRA
_o.STAFF. Colección General
980 _81
_gALBERTO SANCHEZ Responsable de Automatización